Loading...
| Social Science | 0 | 8 | 2 | 3 | 70 | 86 | 112.63 | 0 | 0 | 0.00 | 0.00 |
| Fine Arts - Other | 0 | 7 | 2 | 1 | 60 | 69 | 117.00 | 0 | 0 | 0.00 | 0.00 |
| History - American | 0 | 6 | 1 | 0 | 55 | 85 | 109.33 | 0 | 0 | 0.00 | 0.00 |
| Science - Other | 0 | 5 | 2 | 0 | 40 | 97 | 110.20 | 0 | 1 | 0.00 | 0.00 |
| Religion | 0 | 4 | 0 | 0 | 40 | 38 | 97.50 | 0 | 1 | 0.00 | 0.00 |
| History - European | 0 | 4 | 0 | 2 | 40 | 97 | 123.50 | 0 | 1 | 0.00 | 0.00 |
| Science - Physics | 0 | 6 | 4 | 1 | 40 | 113 | 125.83 | 0 | 0 | 0.00 | 0.00 |
| Fine Arts - Classical Music | 0 | 4 | 1 | 1 | 35 | 118 | 131.50 | 0 | 0 | 0.00 | 0.00 |
| Philosophy | 0 | 3 | 0 | 1 | 30 | 112 | 133.67 | 0 | 0 | 0.00 | 0.00 |
| Other Academic | 0 | 3 | 0 | 0 | 30 | 74 | 93.00 | 0 | 2 | 0.00 | 0.00 |
| Literature - World | 0 | 3 | 1 | 1 | 25 | 125 | 137.67 | 0 | 0 | 0.00 | 0.00 |
| Fine Arts - Painting & Sculpture | 0 | 2 | 0 | 0 | 20 | 99 | 110.50 | 0 | 0 | 0.00 | 0.00 |
| Literature - European | 0 | 2 | 0 | 0 | 20 | 143 | 143.50 | 0 | 0 | 0.00 | 0.00 |
| Literature - British | 0 | 2 | 0 | 1 | 20 | 130 | 140.00 | 0 | 0 | 0.00 | 0.00 |
| Science - Biology | 0 | 2 | 0 | 0 | 20 | 34 | 77.00 | 0 | 1 | 0.00 | 0.00 |
| Science - Chemistry | 0 | 3 | 2 | 0 | 20 | 121 | 123.67 | 0 | 1 | 0.00 | 0.00 |
| Current Events | 0 | 1 | 0 | 0 | 10 | 78 | 78.00 | 0 | 1 | 0.00 | 0.00 |
| History - World | 0 | 1 | 0 | 0 | 10 | 137 | 137.00 | 0 | 0 | 0.00 | 0.00 |
| Literature - American | 0 | 1 | 1 | 1 | 5 | 147 | 147.00 | 0 | 0 | 0.00 | 0.00 |
| Mythology | 0 | 0 | 3 | 0 | -15 | 0.00 | 0 | 0 | 0.00 | 0.00 |